Toutes les communes de Guadeloupe avec une carte - Statistiques

Statistiques générales
  • Ce quiz a été pris 2 503 fois
  • Le résultat moyen est 19 sur 32
Réponses sur la Carte
Les réponses sont colorées sur une échelle allant du rouge au vert en fonction du pourcentage des utilisateurs qui les ont devinées à leur premier essai. Vous pouvez retrouver ces pourcentages ci-dessous.
 
Statistiques - réponses
Commune % Correct
Basse-Terre
89%
Pointe-à-Pitre
86%
Sainte-Anne
83%
Les Abymes
82%
Saint-François
79%
Le Gosier
75%
Le Moule
71%
Sainte-Rose
68%
Baie-Mahault
67%
La Désirade
62%
Petit-Bourg
62%
Deshaies
60%
Morne-à-l'Eau
59%
Goyave
58%
Lamentin
58%
Anse-Bertrand
57%
Bouillante
57%
Capesterre-Belle-Eau
57%
Port-Louis
57%
Pointe-Noire
55%
Terre-de-Haut
55%
Terre-de-Bas
54%
Trois-Rivières
54%
Vieux-Habitants
53%
Petit-Canal
52%
Saint-Claude
49%
Baillif
40%
Gourbeyre
40%
Vieux-Fort
37%
Saint-Louis
35%
Capesterre-de-Marie-Galante
33%
Grand-Bourg
31%
Aucun quiz correspondant
Distribution des résultats
% des personnes avec chaque résultat
Percentile par nombre de réponses
Votre historique - résultats
Vous n’avez pas pris ce quiz